<?xml version="1.0" encoding="UTF-8"?>
<record
    xmlns:xsi="http://www.w3.org/2001/XMLSchema-instance"
    xsi:schemaLocation="http://www.loc.gov/MARC21/slim http://www.loc.gov/standards/marcxml/schema/MARC21slim.xsd"
    xmlns="http://www.loc.gov/MARC21/slim">

  <leader>00848nam a22001937a 4500</leader>
  <controlfield tag="005">20241022115632.0</controlfield>
  <datafield tag="010" ind1=" " ind2=" ">
    <subfield code="a">HIN-128653</subfield>
  </datafield>
  <datafield tag="020" ind1=" " ind2=" ">
    <subfield code="a">9788170161912</subfield>
    <subfield code="c">490.00</subfield>
  </datafield>
  <datafield tag="035" ind1=" " ind2=" ">
    <subfield code="a">HN-100999</subfield>
  </datafield>
  <datafield tag="037" ind1=" " ind2=" ">
    <subfield code="b">DBAD </subfield>
  </datafield>
  <datafield tag="082" ind1=" " ind2=" ">
    <subfield code="a">&#x909;</subfield>
  </datafield>
  <datafield tag="100" ind1=" " ind2=" ">
    <subfield code="a">&#x916;&#x941;&#x936;&#x935;&#x902;&#x924; &#x938;&#x93F;&#x902;&#x939;</subfield>
    <subfield code="9">73131</subfield>
  </datafield>
  <datafield tag="245" ind1=" " ind2=" ">
    <subfield code="a">&#x926;&#x93F;&#x932;&#x94D;&#x932;&#x940;/</subfield>
    <subfield code="c">&#x916;&#x941;&#x936;&#x935;&#x902;&#x924; &#x938;&#x93F;&#x902;&#x939;; &#x909;&#x937;&#x93E; &#x92E;&#x939;&#x93E;&#x91C;&#x928; &#x926;&#x94D;&#x935;&#x93E;&#x930;&#x93E; &#x905;&#x928;&#x941;&#x935;&#x93E;&#x926;&#x93F;&#x924;</subfield>
  </datafield>
  <datafield tag="260" ind1=" " ind2=" ">
    <subfield code="a">&#x928;&#x908; &#x926;&#x93F;&#x932;&#x94D;&#x932;&#x940;</subfield>
    <subfield code="b">&#x915;&#x93F;&#x924;&#x93E;&#x92C;&#x918;&#x930; &#x92A;&#x94D;&#x930;&#x915;&#x93E;&#x936;&#x928;</subfield>
    <subfield code="c">2021</subfield>
  </datafield>
  <datafield tag="270" ind1=" " ind2=" ">
    <subfield code="a">4855-56/24,&#x905;&#x902;&#x938;&#x93E;&#x930;&#x940; &#x930;&#x94B;&#x921;, &#x926;&#x930;&#x93F;&#x92F;&#x93E;&#x917;&#x902;&#x91C;</subfield>
    <subfield code="b">&#x928;&#x908; &#x926;&#x93F;&#x932;&#x94D;&#x932;&#x940;</subfield>
    <subfield code="e">110002</subfield>
    <subfield code="k">011-23266207</subfield>
    <subfield code="k">011-23271844</subfield>
    <subfield code="m">kitabgharprakeshan@gmail.com</subfield>
  </datafield>
  <datafield tag="300" ind1=" " ind2=" ">
    <subfield code="a">334 &#x92A;&#x943;.</subfield>
    <subfield code="c">23 &#x938;&#x947;&#x92E;&#x940; (&#x938;&#x91C;&#x93F;&#x932;&#x94D;&#x926;)</subfield>
  </datafield>
  <datafield tag="700" ind1=" " ind2=" ">
    <subfield code="a">&#x909;&#x937;&#x93E; &#x92E;&#x939;&#x93E;&#x91C;&#x928;</subfield>
    <subfield code="9">73128</subfield>
  </datafield>
  <datafield tag="942" ind1=" " ind2=" ">
    <subfield code="c">HN</subfield>
    <subfield code="2">ddc</subfield>
    <subfield code="h">&#x909;</subfield>
    <subfield code="m">&#x916;&#x941;&#x936;&#x935;&#x902;</subfield>
  </datafield>
  <datafield tag="999" ind1=" " ind2=" ">
    <subfield code="c">206452</subfield>
    <subfield code="d">206452</subfield>
  </datafield>
  <datafield tag="952" ind1=" " ind2=" ">
    <subfield code="0">0</subfield>
    <subfield code="1">0</subfield>
    <subfield code="4">0</subfield>
    <subfield code="7">0</subfield>
    <subfield code="8">FIC</subfield>
    <subfield code="a">BN</subfield>
    <subfield code="b">BN</subfield>
    <subfield code="d">2024-10-17</subfield>
    <subfield code="e">DBAD</subfield>
    <subfield code="g">490.00</subfield>
    <subfield code="l">2</subfield>
    <subfield code="o">&#x909; &#x916;&#x941;&#x936;&#x935;&#x902;&#x924;</subfield>
    <subfield code="p">HN-100999</subfield>
    <subfield code="r">2026-03-16 00:00:00</subfield>
    <subfield code="s">2026-02-16</subfield>
    <subfield code="t">1</subfield>
    <subfield code="v">490.00</subfield>
    <subfield code="w">2024-10-17</subfield>
    <subfield code="y">HN</subfield>
  </datafield>
</record>
